00665nam a2200205Ia 450000500170000000800410001704000190005804100120007708200240008910000220011324500490013526000300018430000100021465000670022465100230029185000100031494200070032499900170033195201110034820230429104839.0131103s9999 xx 000 0 und d aLoreto College aEnglish aTAG 891.44bTAG-BHO aBhowmik, Gouranga aRabindra sahityer alochanacGouranga Bhowmik aCalcuttabAcademikac1967 a192p  aTagore, Rabindranath, 1861-1941 - Criticism and Interpretation aBengali Literature aLCLIB cBK c16914d67393 00102ddc4070aMAINbMAINd2013-11-04l0oTAG 891.44 TAG-BHO 16935pB17087r2013-11-04w2013-11-04yBKf